| 000 | 01656nam a22004697a 4500 | ||
|---|---|---|---|
| 003 | OSt | ||
| 005 | 20230424130338.0 | ||
| 008 | 221006b |||||||| |||| 00| 0 eng d | ||
| 040 | _cBiblioteca Lado V | ||
| 082 |
_a700 _bZ39a |
||
| 100 |
_985 _aZaya, Octavio _eeditor _edirector |
||
| 245 |
_aAtalantica/ _bHomenaje para Antonio Zaya/ |
||
| 260 |
_bCentro Atlantico de Arte Moderno _aEspaña |
||
| 300 |
_c21x27cm _a214p. |
||
| 366 | _efre | ||
| 366 | _eeng | ||
| 490 |
_x1132-8428 _a41-42 |
||
| 505 | _tPlanes Academicos | ||
| 505 | _tUn Proyecto de Vito Acconci | ||
| 505 | _tJuegos Arquitectónicos | ||
| 505 | _tUn Proyecto de Lara Almarcegui | ||
| 505 | _tSeis Instantáneas sobre lo publico | ||
| 505 | _tUn Proyecto de Pedro Deniz | ||
| 505 | _tAnthony Goicolea | ||
| 505 | _tun Proyecto de Roni Horn | ||
| 505 | _tDe la memoria Genética | ||
| 505 | _tUn Portafolio de Massimo Vitali | ||
| 505 | _tLos Relatos de ella | ||
| 505 | _tJose A. Vincench | ||
| 505 | _tUn Proyecto de Robin Rhode | ||
| 505 | _tEntrevista con Arthur C. Danto | ||
| 650 |
_2Tesauro de Arte & Arquitectura _aARTE _9703 |
||
| 650 |
_2Tesauro de Arte & Arquitectura _aEXPOSICIONES |
||
| 650 |
_2Tesauro de Arte & Arquitectura _aCULTURA |
||
| 650 |
_2Tesauro de Arte & Arquitectura _aAPRECIACION |
||
| 650 |
_2Tesauro de Arte & Arquitectura _aTEORIA |
||
| 650 |
_2Tesauro de Arte & Arquitectura _aCRITICA |
||
| 650 |
_2Tesauro de Arte & Arquitectura _aFOTOGRAFIA _9702 |
||
| 650 |
_2Tesauro de Arte & Arquitectura _aLITERATURA |
||
| 650 |
_2Tesauro de Arte & Arquitectura _aESPAÑA |
||
| 942 |
_2ddc _c1 _h700 _iZ39a _n0 |
||
| 999 |
_c3469 _d3469 |
||